<?xml version="1.0" encoding="UTF-8"?><?xml-stylesheet type="text/xsl" href="static/style.xsl"?><OAI-PMH xmlns="http://www.openarchives.org/OAI/2.0/" xmlns:xsi="http://www.w3.org/2001/XMLSchema-instance" xsi:schemaLocation="http://www.openarchives.org/OAI/2.0/ http://www.openarchives.org/OAI/2.0/OAI-PMH.xsd"><responseDate>2026-04-14T13:21:51Z</responseDate><request verb="GetRecord" identifier="oai:uvadoc.uva.es:10324/2575" metadataPrefix="marc">https://uvadoc.uva.es/oai/request</request><GetRecord><record><header><identifier>oai:uvadoc.uva.es:10324/2575</identifier><datestamp>2021-05-21T20:52:36Z</datestamp><setSpec>com_10324_2555</setSpec><setSpec>col_10324_2556</setSpec></header><metadata><record xmlns="http://www.loc.gov/MARC21/slim" xmlns:doc="http://www.lyncode.com/xoai" xmlns:xsi="http://www.w3.org/2001/XMLSchema-instance" xmlns:dcterms="http://purl.org/dc/terms/" xsi:schemaLocation="http://www.loc.gov/MARC21/slim http://www.loc.gov/standards/marcxml/schema/MARC21slim.xsd">
<leader>00925njm 22002777a 4500</leader>
<datafield tag="042" ind1=" " ind2=" ">
<subfield code="a">dc</subfield>
</datafield>
<datafield tag="720" ind1=" " ind2=" ">
<subfield code="a">Zalama Rodríguez, Miguel Ángel</subfield>
<subfield code="e">author</subfield>
</datafield>
<datafield tag="720" ind1=" " ind2=" ">
<subfield code="a">Pascual Molina, Jesús Félix</subfield>
<subfield code="e">author</subfield>
</datafield>
<datafield tag="260" ind1=" " ind2=" ">
<subfield code="c">2012</subfield>
</datafield>
<datafield tag="520" ind1=" " ind2=" ">
<subfield code="a">Serie de diez episodios dedicada a la perspectiva, realizada en el ámbito del PID "Clío en el Laberinto" (PID 2011/60). &#xd;
01 La perspectiva: Introducción	&#xd;
02 Principios geométricos de la representación en el plano	&#xd;
03 Brunelleschi y su experimento	&#xd;
04 La Trinitá de Masaccio	&#xd;
05 Alberti	&#xd;
06 Uccello, Della Francesca y Da Vinci	&#xd;
07. El sistema empirico de los Países Bajos	&#xd;
08. La pintura en España en torno a 1500	&#xd;
09. Alberto Durero	&#xd;
10. Velázquez</subfield>
</datafield>
<datafield tag="024" ind2=" " ind1="8">
<subfield code="a">http://uvadoc.uva.es/handle/10324/2575</subfield>
</datafield>
<datafield ind1=" " ind2=" " tag="653">
<subfield code="a">Perspectiva</subfield>
</datafield>
<datafield ind1=" " ind2=" " tag="653">
<subfield code="a">Pintura</subfield>
</datafield>
<datafield ind1=" " ind2=" " tag="653">
<subfield code="a">Arte</subfield>
</datafield>
<datafield ind1=" " ind2=" " tag="653">
<subfield code="a">Teoría del Arte</subfield>
</datafield>
<datafield tag="245" ind1="0" ind2="0">
<subfield code="a">La perspectiva</subfield>
</datafield>
</record></metadata></record></GetRecord></OAI-PMH>